TOP 60 most downloaded mobile games (2026) - Statistics

General Stats
  • This quiz has been taken 39 times
  • The average score is 11 of 60
Answer Stats
Downloads Game Developer Genre % Correct
706 M EA SPORTS FC Mobile Soccer 26 Electronic Arts Sport
83%
841 M Clash of Clans Supercell Strategy
71%
598 M Clash Royale Supercell Strategy
71%
1 467 M Roblox ______ Corporation Game platform
69%
2 131 M Candy Crush Saga King Casual
66%
2 768 M Subway Surfers SYBO Games Arcade
63%
494 M Brawl Stars Supercell Action
43%
532 M Pokémon GO Niantic Aventure
43%
729 M Among Us Innersloth Action
37%
1 022 M PUBG MOBILE Level Infinite Action
37%
925 M Temple Run Imangi Studios Arcade
34%
812 M Block Blast! Hungry Studio Puzzle
31%
1 987 M Free Fire: Beat Carnival Garena Action
31%
1 270 M My Talking Tom Outfit7 Casual
31%
563 M Geometry Dash Lite RobTop Games Arcade
29%
1 251 M 8 Ball Pool Miniclip Sport
26%
628 M Fruit Ninja Halfbrick Studios Arcade
23%
491 M Homescapes Playrix Casual
23%
1 023 M My Talking Angela Outfit7 Casual
23%
562 M Gardenscapes Playrix Casual
20%
610 M Plants vs. Zombies Electronic Arts Strategy
20%
1 038 M My Talking Tom 2: Pet Game Outfit7 Casual
17%
470 M Township Playrix Casual
17%
1 060 M Pou Zakeh Casual
14%
536 M Asphalt 8 - Car Racing Game Gameloft Racing
11%
501 M Granny DVloper Arcade
11%
1 374 M Ludo King Gametion Board
11%
470 M My Talking Angela 2 Outfit7 Casual
11%
764 M My Talking Tom Friends Outfit7 Casual
11%
645 M Talking Tom Cat Outfit7 Casual
11%
593 M Candy Crush Soda Saga King Arcade
9%
817 M Free Fire MAX: Beat Carnival Garena Action
9%
1 209 M Hill Climb Racing Fingersoft Racing
9%
765 M Magic Tiles 3 - Piano Game Amanotes Music
9%
579 M Slither.io Lowtech Studios Action
9%
491 M Sonic Dash: Endless Run SEGA Arcade
9%
727 M Talking Tom Gold Run Outfit7 Action
9%
591 M Hungry Shark Evolution Ubisoft Arcade
6%
481 M Kick the Buddy - Fun Action Game Playgendary Action
6%
591 M Lords Mobile: Kingdom Wars IGG Strategy
6%
565 M Minion Rush: Running Game Gameloft Casual
6%
452 M Race Master 3D: Car Racing Beresnev Games Racing
6%
495 M Stickman Party 234 MiniGames PlayMax Games Arcade
6%
1 168 M Temple Run 2: Endless Escape Imangi Studios Action
6%
515 M Block Craft 3D: Building Game Wildlife Studios Arcade
3%
511 M Bridge Race Supersonic Studios Casual
3%
495 M Bubble Shooter - Classic Pop Xu Solitaire Games Puzzle
3%
579 M Carrom Pool: Disc Game Miniclip Sport
3%
645 M Dr. Driving SUD Inc. Racing
3%
704 M Extreme Car Driving Simulator AxesInMotion Racing
3%
654 M Hunter Assassin Ruby Games Action
3%
530 M Pooking - Billiards City Mountain Games Sport
3%
760 M Sniper 3D: Gun Shooting Games Wildlife Studios Action
3%
500 M Stack Ball - Crash Platforms Azur Games Arcade
3%
741 M Subway Princess Runner Ivy Arcade
3%
517 M Talking Tom: Hero Dash Run Outfit7 Action
3%
634 M Tiles Hop Music & Ball Game Amanotes Music
3%
753 M Traffic Rider skgames Racing
3%
632 M Worms Zone.io - Hungry Snake Azur Games Action
3%
553 M Zombie Tsunami Mobigame Arcade
3%
No matching quizzes found
Score Distribution
Percent of People with Each Score
Percentile by Number Answered
Your Score History
You have not taken this quiz